LEADER 01656oam 2200517I 450 001 9910711760403321 005 20190103115220.0 035 $a(CKB)5470000002486467 035 $a(OCoLC)954174484 035 $a(EXLCZ)995470000002486467 100 $a20160728d1905 ua 0 101 0 $aeng 135 $aur||||||||||| 181 $ctxt$2rdacontent 182 $cc$2rdamedia 183 $acr$2rdacarrier 200 14$aThe lignite of North Dakota and its relation to irrigation /$fby F.A. Wilder 210 1$a[Washington, D.C.] :$cDepartment of the Interior, United States Geological Survey,$d1905. 210 2$aWashington :$cGovernment Printing Office. 215 $a1 online resource (59 pages, 8 pages of plates) $cillustrations 225 1 $aSeries A, Economic geology ;$v45 225 1 $aSeries I, Irrigation ;$v17 225 1 $aSeries K, Pumping water ;$v9 225 1 $aWater-supply and irrigation paper ;$vno. 117 320 $aIncludes bibliographical references and index. 606 $aIrrigation$zNorth Dakota 606 $aLignite$zNorth Dakota 606 $aIrrigation$2fast 606 $aLignite$2fast 607 $aNorth Dakota$2fast 615 0$aIrrigation 615 0$aLignite 615 7$aIrrigation. 615 7$aLignite. 700 $aWilder$b Frank A$g(Frank Alonzo),$01421886 712 02$aGeological Survey (U.S.), 801 0$bCOP 801 1$bCOP 801 2$bOCLCO 801 2$bOCLCF 801 2$bOCLCA 801 2$bGPO 906 $aBOOK 912 $a9910711760403321 996 $aThe lignite of North Dakota and its relation to irrigation$93544444 997 $aUNINA LEADER 01509nam 2200421 450 001 9910810699103321 010 $a3-8382-6045-7 035 $a(CKB)4100000008340335 035 $a(MiAaPQ)EBC5782636 035 $a(EXLCZ)994100000008340335 100 $a20190611d2012 uy 0 101 0 $ager 135 $aurcnu|||||||| 181 $ctxt$2rdacontent 182 $cc$2rdamedia 183 $acr$2rdacarrier 200 10$aEuropa und die Frage nach seinen Grenzen im Osten $ezur Konstruktion 'europa?ischer Identita?t' in Geschichte und Gegenwart /$fMarcel Vie?tor ; mit einem Vorwort von Albrecht Lehmann 210 1$aStuttgart :$cIbidem-Verlag,$d[2012] 210 4$dİ2012 215 $a1 online resource (152 pages) $cillustrations 225 1 $aSoviet and post-Soviet politics and society ;$vVolume 93 320 $aIncludes bibliographical references. 410 0$aSoviet and post-Soviet politics and society ;$vVolume 93. 606 $aNational characteristics, European 607 $aEurope, Eastern$xBoundaries 607 $aEurope$xBoundaries 607 $aEurope, Eastern$xPolitics and government$y1989- 615 0$aNational characteristics, European. 676 $a940.09717 700 $aVie?tor$b Marcel$f1980-$01702676 702 $aLehmann$b Albrecht 801 0$bMiAaPQ 801 1$bMiAaPQ 801 2$bMiAaPQ 906 $aBOOK 912 $a9910810699103321 996 $aEuropa und die Frage nach seinen Grenzen im Osten$94087383 997 $aUNINA